| 000 | 00362nam a22001337a 4500 | ||
|---|---|---|---|
| 008 | 230828b |||||||| |||| 00| 0 eng d | ||
| 082 | _a621-COM | ||
| 100 |
_aLearys, Timothy J.O. _955425 |
||
| 245 |
_aComputing Essentials _hEnglish |
||
| 260 |
_aA.I.C.B. _bDelhi _cRohini |
||
| 270 | _aA.I.C.B. Rohini, Delhi | ||
| 300 | _a12x13 | ||
| 942 |
_2ddc _cBRLEN _k621 _mCOM |
||
| 999 |
_c197593 _d197593 |
||